000 00630nam a2200193Ia 4500
003 GCL
008 140319s9999 xx 000 0 ara d
040 _aGCL /
_cGCL
082 0 4 _a210.9
_bم ا
100 1 _aمحمد عبدالمنعم خفاجى
245 1 0 _aالاسلام والحضارة الانسانية /
_cمحمد عبدالمنعم خفاجى
260 _aبيروت :
_bدار الكتاب اللبنانى ،
_c1982
300 _a366 ص ؛
_c24 سم
490 _a
650 0 4 _aالاسلام
650 0 4 _aالتاريخ الاسلامى
650 0 4 _aالحضارة الاسلامية
942 _2ddc
_cBK
999 _c53131
_d53131